| 000 | 00407nam a22001577a 4500 | ||
|---|---|---|---|
| 999 |
_c15611 _d15611 |
||
| 003 | OSt | ||
| 008 | 190520b ||||| |||| 00| 0 eng d | ||
| 020 | _a9789382471189 | ||
| 082 |
_a664 _bTRI/MO |
||
| 100 |
_aTripathi, M K _94098 |
||
| 245 | _aModern Food : current issues and perspectives | ||
| 260 |
_aDelhi _bJaya Publishing House |
||
| 300 | _a455 p. | ||
| 700 |
_aShrivastava, R M. _94099 |
||
| 942 | _cBK | ||